000 01868nam a22003730a 4500
001 PT3034
003 AR-LpoUNG
005 20210131231033.0
008 191001s1994||||ag |||||||||||||||||spa d
020 _a9682303761
_c$6.40
040 _aAR-LpoUNG
_bspa
_cAR-LpoUNG
_eaacr
041 _aspa
044 _aag
082 0 _a982.03 157
100 1 _aHalperin Donghi, Tulio
245 1 0 _aRevolución y guerra :
_bformación de una elite dirigente en la Argentina criolla
250 _a3ra. ed.
260 _aBuenos Aires :
_bSiglo Veintiuno,
_c1994.
300 _a404 p. :
_btbls., mapas
520 _a<p>Este es ante todo un libro de historia política; si se abre con un exámen de la economía y sociedad rioplatense en transición hacia la independencia es porque pareció imposible ignorar las dimensiones mismas de la colectividad de la que se trataba de trazar esa historia. Su tema no es entonces diferente de algunos de los que dominaron la atención de los fundadores de nuestra tradición historiográfica: es el surgimiento de un centro de poder político autónomo, controlado por un cierto grupo de hombres, en un área en que hasta la noción misma de actividad política había permanecido desconocida por casi todos hasta poco antes. En este texto, Halperin Donghi sigue las vicisitudes de una elite política creada, destruída y vuelta a crear por el movimiento independentista, y las relaciones que esta elite estableció con los sectores económicos y sociales del Río de la Plata.</p>
650 4 _aARGENTINA
650 4 _aCONFLICTOS ARMADOS
650 4 _aDESARROLLO ECONOMICO
650 4 _aELITE
650 4 _aHISTORIA
650 4 _aHISTORIA SOCIAL
650 4 _aHOMBRES DE NEGOCIOS
650 4 _aPODER POLITICO
650 4 _aPOLITICA
651 4 _aArgentina
653 _aINSERCION
905 _a3034
942 _cLIB
999 _c7606
_d7606